| 000 | 00508nam a2200193 i 4500 | ||
|---|---|---|---|
| 001 | bg | ||
| 100 | 1 | _aAMBROŻEWICZ, Paweł | |
| 245 | 1 | 0 |
_aZwarty system zagospodarowania odpadów / _cPaweł Ambrożewicz. |
| 260 |
_aBiałystok : _b"Ekonomia i Środowisko", _c1999. |
||
| 300 |
_a279 s. ; _c24 cm. |
||
| 650 | 9 |
_aOdpady _xgospodarka |
|
| 020 | _a8385792554 | ||
| 040 | _cBPK | ||
| 041 | 0 | _apl | |
| 080 | _a628.4 | ||
| 920 | _a83-85792-55-4 | ||
| 942 | _cKS | ||
| 008 | s pl f |000 0 pol | ||
| 999 |
_c34378 _d34378 |
||
| 856 |
_uhttp://koha.tu.koszalin.pl/cgi-bin/koha/opac-detail.pl?biblionumber=34378 _yKatalog online BPK |
||